Интеллектуальные информационные системы: теория и практика (Запись № 11738083)

Подробности
000 -МАРКЕР
контрольное поле 02442nam1a2200325 i 4500
001 - ИДЕНТИФИКАТОР ЗАПИСИ
контрольное поле RU\NLR\BIBL_A\012403524
005 - ИДЕНТИФИКАТОР ВЕРСИИ
контрольное поле 20241115073252.0
035 ## - ДРУГИЕ СИСТЕМНЫЕ НОМЕРА
Идентификатор записи (NLR Aleph) 012403524
100 ## - ДАННЫЕ ОБЩЕЙ ОБРАБОТКИ
Данные общей обработки 20201113g20209999k y0rusy50 ca
101 0# - ЯЗЫК РЕСУРСА
Язык текста, звукозаписи и т.д. русский
102 ## - СТРАНА ПУБЛИКАЦИИ ИЛИ ПРОИЗВОДСТВА
Страна публикации Российская Федерация
105 ## - ПОЛЕ КОДИРОВАННЫХ ДАННЫХ: ТЕКСТОВЫЕ МАТЕРИАЛЫ, МОНОГРАФИЧЕСКИЕ
Кодированные данные о монографическом текстовом документе z
181 #0 - ПОЛЕ КОДИРОВАННЫХ ДАННЫХ: ВИД СОДЕРЖАНИЯ
Код вида содержания (ISBD) i
Код характеристики содержания (ISBD) axxe
182 #0 - ПОЛЕ КОДИРОВАННЫХ ДАННЫХ: ТИП СРЕДСТВА
Код типа средства (ISBD) n - непосредственное
200 1# - ЗАГЛАВИЕ И СВЕДЕНИЯ ОБ ОТВЕТСТВЕННОСТИ
Основное заглавие Интеллектуальные информационные системы: теория и практика
Сведения, относящиеся к заглавию сборник научных статей по материалам I Всероссийской конференции 20-22 апреля 2020 года
Первые сведения об ответственности ФГБОУ ВО "Курский государственный университет", Факультет физики, математики, информатики, Кафедра программного обеспечения и администрирования информационных систем
Последующие сведения об ответственности [редакционная коллегия: К. С. Макаров, канд. техн. наук (отв. ред.) и др.]
203 ## - ВИД СОДЕРЖАНИЯ И ТИП СРЕДСТВА
Вид содержания Текст
Дополнительные сведения об издании визуальный
Тип средства непосредственный
210 ## - ПУБЛИКАЦИЯ, РАСПРОСТРАНЕНИЕ И ДР.
Место издания, распространения и т.д. Курск
Имя издателя, распространителя и т. д. Деловая полиграфия
-- Курский государственный университет
Дата издания, распространения и т.д. 2020
215 ## - ФИЗИЧЕСКАЯ ХАРАКТЕРИСТИКА
Размеры 25
606 ## - НАИМЕНОВАНИЕ ТЕМЫ КАК ПРЕДМЕТ
Наименование темы Интеллектуальные информационные системы
Формальный подзаголовок Съезды, совещания и т.п
Системный номер авторитетной/нормативной записи 2178134
Идентификатор авторитетной/нормативной записи RU\NLR\AUTH\661309984
686 1# - ИНДЕКСЫ ДРУГИХ КЛАССИФИКАЦИЙ
Индекс З973.23я431(2)
702 #1 - ИМЯ ЛИЦА - ВТОРИЧНАЯ ОТВЕТСТВЕННОСТЬ
Код отношения Редактор
Графика поля Кириллица
Материалы, к которым относится поле rus
Начальный элемент ввода Макаров
Часть имени, кроме начального элемента ввода К. С.
Дополнения к именам, кроме дат канд. техн. наук, информатика
Даты 1990-
Расширение инициалов личного имени Константин Сергеевич
Системный номер авторитетной/нормативной записи 223534
Идентификатор авторитетной/нормативной записи RU\NLR\AUTH\770223590
711 12 - НАИМЕНОВАНИЕ ОРГАНИЗАЦИИ - АЛЬТЕРНАТИВНАЯ ОТВЕТСТВЕННОСТЬ
Начальный элемент ввода "Интеллектуальные информационные системы: теория и практика", всероссийская научно-техническая конференция
Порядковый номер временной организации и / или порядковый номер ее части 1
Место проведения временной организации Курск
Дата проведения временной организации 2020
Системный номер авторитетной/нормативной записи 724294
Идентификатор авторитетной/нормативной записи RU\NLR\AUTH\880531105
712 02 - НАИМЕНОВАНИЕ ОРГАНИЗАЦИИ - ВТОРИЧНАЯ ОТВЕТСТВЕННОСТЬ
Код отношения Прочие
Начальный элемент ввода Курский государственный университет
Структурное подразделение Кафедра программного обеспечения и администрирования информационных систем
Системный номер авторитетной/нормативной записи 724296
Идентификатор авторитетной/нормативной записи RU\NLR\AUTH\880531106
852 ## - МЕСТОНАХОЖДЕНИЕ И ШИФР ХРАНЕНИЯ
Идентификатор организации NLR
Шифр хранения (Call Number) 2020-7/4652
942 ## - ДОПОЛНИТЕЛЬНЫЕ ЭЛЕМЕНТЫ ЗАПИСИ (АБИС)
Тип экземпляра АБИС Книга

Нет доступных экземпляров.